01297nam a2200265 i 4500001000300000100002000003245011600023246003800139260004900177300002900226490024200255500009300497500003000590504003200620650003100652650002700683650002800710830010200738015001500840040000800855041001100863080001800874008004100892856009800933bg1 aPALUCH, Ryszard10aCechy postawy ciała i przestrzeń pracy :bobciążenie posturalne w pozycji siedzącej /cRyszard Paluch.11aBody posture traits and workspace aWrocław :bWydaw. PW,c1993e(Wroc. :fPW). a64 s. :bwykr. ;c24 cm.1 aPrace Naukowe Instytutu Organizacji i Zarządzania Politechniki Wrocławskiej. Monografie =aScientific Papers of the Institute of Organization and Management Systems of the Technical University of Wrocław. Monographs,x0324-9492 ;v27 aTyt. równol. : Body posture traits and workspace : postural workload sitting position. aNumeracja ser. gł. : 64. aBibliogr. s. 54-60. - Summ. 9aAntropometriaxzagadnienia 9aErgonomiaxzagadnienia 9aPostawa ciałaxpomiary 0aPrace Naukowe Instytutu Organizacji i Zarządzania Politechniki Wrocławskiej.pMonografie ;v27 aPB 4474/94 cBPK0 aplben a331.101.1:572 s pl f |000 0 pol  uhttp://koha.tu.koszalin.pl/cgi-bin/koha/opac-detail.pl?biblionumber=30088yKatalog online BPK